| 000 | 005370000a22002170004500 | ||
|---|---|---|---|
| 003 | LK-CoMWRAF | ||
| 005 | 20230924213007.0 | ||
| 008 | 230817t ||||| |||| 00| 0 eng d | ||
| 040 |
_aLK-CoMWRAF _dLK-CoMWRAF _eLK-CoMWRAF |
||
| 041 | _aeng | ||
| 082 |
_a297.82 _bENG |
||
| 100 | _aEngineer, Asgar Ali | ||
| 245 | _aThe origins and development of Islam | ||
| 260 |
_aSelangar : _bIkraq, _c1980 |
||
| 300 | _a161p | ||
| 500 | _aiIndex | ||
| 650 | _aIslam | ||
| 650 | _aIslam-Origins | ||
| 650 | _aIslam-Decelopments | ||
| 942 | _cBK | ||
| 999 |
_c2836 _d2836 |
||